famous songs featured artists - Statistics

General Stats
  • This quiz has been taken 11 times
  • The average score is 10 of 15
Answer Stats
Hint Answer % Correct
Die with a smile (Bruno Mars) Lady gaga
100%
Empire state of mind (Jay-Z Alicia Keys
88%
umbrella (Rihanna) Jay-Z
88%
stay (kid laroi) justin bieber
88%
symphony (zara Larson) Clean bandit
75%
despacito (luis fonsi) daddy yankee
75%
WAP (cardi B) Megan thee stallion
75%
side to side (ariana grande) Nicki Minaj
75%
This is what you came for (calvin harris) Rihanna
75%
hips don't lie (shakira) Wyclef jean
75%
Rain on me (Lady gaga) Ariana Grande
63%
Can't remember to forget you (Shakira) Rihanna
63%
We are young (Fun) Janelle Monae
25%
worth it (fifth harmony) kid ink
25%
stay (Rihanna) Micky eko
25%
No matching quizzes found
Score Distribution
Percent of People with Each Score
Percentile by Number Answered
Your Score History
You have not taken this quiz